| LEADER | 01054nam a2200313 a 4500 | ||
|---|---|---|---|
| 001 | 007730185-4 | ||
| 005 | 20020606104010.5 | ||
| 008 | 970911s1997 it b 000 0 ita | ||
| 010 | |a 97193701 | ||
| 020 | |a 8824105165 | ||
| 035 | 0 | |a ocm37387668 | |
| 040 | |a DLC |c DLC | ||
| 043 | |a e-it--- | ||
| 045 | |a x4x- | ||
| 050 | 0 | 0 | |a PN6765 |b .B67 1997 |
| 082 | 0 | 0 | |a 741.5/0945 |2 21 |
| 100 | 1 | |a Boschi, Luca, |d 1956- | |
| 245 | 1 | 0 | |a Frigo, valvole e balloons : |b viaggio in vent'anni di fumetto italiano d'autore / |c Luca Boschi ; a cura di Piersandro Pallavicini. |
| 250 | |a 1. ed. | ||
| 260 | |a Roma : |b Theoria, |c 1997. | ||
| 300 | |a 164 p. ; |c 18 cm. | ||
| 490 | 1 | |a Ritmi ; |v 65 | |
| 504 | |a List of the principal Italian comic books since the 1970's: p. [127]-156. | ||
| 504 | |a "Bibliografia (quasi completa) delle opere sul fumetto in lingua italiana": p. [157]-162. | ||
| 504 | |a Includes bibliographical references. | ||
| 650 | 0 | |a Comic books, strips, etc. |z Italy |x History and criticism. | |
| 830 | 0 | |a Ritmi ; |v 65. | |
| 988 | |a 20020608 | ||
| 906 | |0 DLC | ||


